| 000 -LEADER |
| fixed length control field |
02000cam a2200337 a 4500 |
| 001 - CONTROL NUMBER |
| control field |
16642572 |
| 005 - DATE AND TIME OF LATEST TRANSACTION |
| control field |
20170105102911.0 |
| 008 - FIXED-LENGTH DATA ELEMENTS--GENERAL INFORMATION |
| fixed length control field |
110208s2011 nyu b 001 0 eng |
| 010 ## - LIBRARY OF CONGRESS CONTROL NUMBER |
| LC control number |
2011005660 |
| 020 ## - INTERNATIONAL STANDARD BOOK NUMBER |
| International Standard Book Number |
9780805093506 (hbk.) |
| 035 ## - SYSTEM CONTROL NUMBER |
| System control number |
(OCoLC)ocn669754790 |
| 040 ## - CATALOGING SOURCE |
| Original cataloging agency |
DLC |
| Transcribing agency |
DLC |
| Modifying agency |
YDX |
| -- |
BTCTA |
| -- |
YDXCP |
| -- |
UPZ |
| -- |
JP3 |
| -- |
NSB |
| -- |
BWX |
| -- |
IXA |
| -- |
DLC |
| 042 ## - AUTHENTICATION CODE |
| Authentication code |
pcc |
| 050 00 - LIBRARY OF CONGRESS CALL NUMBER |
| Classification number |
JZ5665 |
| Item number |
.E43 2011 |
| 082 00 - DEWEY DECIMAL CLASSIFICATION NUMBER |
| Classification number |
327.1/747 |
| Edition number |
22 |
| 100 1# - MAIN ENTRY--PERSONAL NAME |
| Personal name |
El Baradei, Mohamed. |
| 245 14 - TITLE STATEMENT |
| Title |
The age of deception : |
| Remainder of title |
nuclear diplomacy in treacherous times / |
| Statement of responsibility, etc. |
Mohamed ElBaradei. |
| 246 30 - VARYING FORM OF TITLE |
| Title proper/short title |
Nuclear diplomacy in treacherous times |
| 250 ## - EDITION STATEMENT |
| Edition statement |
1st ed. |
| 260 ## - PUBLICATION, DISTRIBUTION, ETC. |
| Place of publication, distribution, etc. |
New York : |
| Name of publisher, distributor, etc. |
Metropolitan Books/Henry Holt and Co., |
| Date of publication, distribution, etc. |
2011. |
| 300 ## - PHYSICAL DESCRIPTION |
| Extent |
340 p. ; |
| Dimensions |
25 cm. |
| 504 ## - BIBLIOGRAPHY, ETC. NOTE |
| Bibliography, etc. note |
Includes bibliographical references and index. |
| 505 0# - FORMATTED CONTENTS NOTE |
| Formatted contents note |
Iraq, 1991-1998: unmasking a hidden program -- North Korea, 1992-2002: the case of the missing plutonium -- Iraq, 2002 and after: a needless war -- North Korea, 2003 and after: the nuclear weapons club adds a member -- Iran, 2003-2005: the riddle of Taqqiya -- Libya: discovery and dismantlement -- The nuclear bazaar of A. Q. Khan -- From Vienna to Oslo -- Iran, 2006: "not one centrifuge" -- Double standards -- Iran, 2007-2008: squandered opportunities -- Iran, 2009: in pursuit of a breakthrough -- Conclusion : the quest for human security. |
| 520 ## - SUMMARY, ETC. |
| Summary, etc. |
For the first time, the director of the UN's International Atomic Energy Agency and "man in the middle" of the planet's most explosive confrontations speaks out--on his dealings with America, negotiations with Iran, reform and democracy in the Middle East, and the prospects for a future free of nuclear weapons. |
| 650 #0 - SUBJECT ADDED ENTRY--TOPICAL TERM |
| Topical term or geographic name entry element |
Nuclear arms control. |
| 650 #0 - SUBJECT ADDED ENTRY--TOPICAL TERM |
| Topical term or geographic name entry element |
Nuclear arms control |
| General subdivision |
Verification. |
| 650 #0 - SUBJECT ADDED ENTRY--TOPICAL TERM |
| Topical term or geographic name entry element |
Nuclear nonproliferation. |
| 906 ## - LOCAL DATA ELEMENT F, LDF (RLIN) |
| a |
7 |
| b |
cbc |
| c |
orignew |
| d |
1 |
| e |
ecip |
| f |
20 |
| g |
y-gencatlg |
| 942 ## - ADDED ENTRY ELEMENTS (KOHA) |
| Source of classification or shelving scheme |
|
| Koha item type |
Book |